Manual de práctica forense disciplinaria / (Registro nro. 7486)
[ vista simple ]
| 000 -LEADER | |
|---|---|
| fixed length control field | 02173cam a22003014 4500 |
| 001 - CONTROL NUMBER | |
| control field | 12588382 |
| 003 - CONTROL NUMBER IDENTIFIER | |
| control field | OSt |
| 005 - DATE AND TIME OF LATEST TRANSACTION | |
| control field | 20210308111724.0 |
| 008 - FIXED-LENGTH DATA ELEMENTS--GENERAL INFORMATION | |
| fixed length control field | 010719s2001 ck ak b 000 0 spa |
| 010 ## - LIBRARY OF CONGRESS CONTROL NUMBER | |
| LC control number | 2001447918 |
| 020 ## - INTERNATIONAL STANDARD BOOK NUMBER | |
| International Standard Book Number | 9586761355 (t. 1) |
| 020 ## - INTERNATIONAL STANDARD BOOK NUMBER | |
| International Standard Book Number | 9586761347 (t. 2) |
| 035 ## - SYSTEM CONTROL NUMBER | |
| System control number | (BoCbEI)ei 0102M0280 |
| 040 ## - CATALOGING SOURCE | |
| Original cataloging agency | DLC |
| Transcribing agency | CO-JMCR |
| Modifying agency | DLC |
| 041 ## - LANGUAGE CODE | |
| Language code of text/sound track or separate title | spa |
| 042 ## - AUTHENTICATION CODE | |
| Authentication code | pcc |
| 082 04 - DEWEY DECIMAL CLASSIFICATION NUMBER | |
| Classification number | 342.0684 / |
| Item number | M516m |
| Edition number | 23 |
| 100 1# - MAIN ENTRY--PERSONAL NAME | |
| Personal name | Mejía Ossman, Jaime. |
| Relator term | autor |
| 9 (RLIN) | 8625 |
| 245 10 - TITLE STATEMENT | |
| Title | Manual de práctica forense disciplinaria / |
| Statement of responsibility, etc. | Jaime Mejía Ossman. |
| 260 ## - PUBLICATION, DISTRIBUTION, ETC. | |
| Place of publication, distribution, etc. | Bogotá : |
| Name of publisher, distributor, etc. | Ediciones Doctrina y Ley, |
| Date of publication, distribution, etc. | 2001. |
| 300 ## - PHYSICAL DESCRIPTION | |
| Extent | 2 v. : |
| Other physical details | ilustraciones en blanco y negro ; |
| Dimensions | 25 cm. |
| 504 ## - BIBLIOGRAPHY, ETC. NOTE | |
| Bibliography, etc. note | Includes bibliographical references. |
| 505 0# - FORMATTED CONTENTS NOTE | |
| Miscellaneous information | v.1 |
| Title | Cartilla elemental del proceso disciplinario -- Flujogramas de los procesos ordinario y verbal -- Procedimiento interno de control disciplinario -- Tramites de expedientes en la unidad (u oficio) de control disciplinario interno en las diferentes jefaturas de la entidad gubernamental -- Cuadro sobre inhabilidades para ejercer cargos públicos -- Modelo de diligencias disciplinarias del proceso ordinario -- Modelo de diligencias disciplinarias del proceso verbal -- Modelos de diligencias disciplinarias del proceso administrativo disciplinarias del proceso administrativo disciplinario para altos funcionarios de las ramas judicial, legislativa y ejecutiva del proceso -- Consultas respondidas por la procuraduría general de la nación durante los años 1996 a 2000en materia disciplinaria en forma alfabética -- Consultas al consejo de estado en materia disciplinaria |
| Miscellaneous information | v.2 |
| Formatted contents note | Sentencias de la corte constitucional sobre el código disciplinario único -- Concepto de la procuraduría general de la nación emitidos en las sentencias pronunciadas por la corte constitucional en materia disciplinaria -- Conceptos de la veeduría de la fiscalía general de la nación en materia disciplinaria |
| 650 14 - SUBJECT ADDED ENTRY--TOPICAL TERM | |
| General subdivision | Funcionarios y empleados |
| Geographic subdivision | Colombia |
| 9 (RLIN) | 14524 |
| 650 24 - SUBJECT ADDED ENTRY--TOPICAL TERM | |
| Topical term or geographic name entry element | Legislación |
| General subdivision | Derecho administrativo |
| Geographic subdivision | Colombia |
| 9 (RLIN) | 14525 |
| 650 24 - SUBJECT ADDED ENTRY--TOPICAL TERM | |
| Topical term or geographic name entry element | Proceso disciplinario |
| General subdivision | Sentencias |
| Geographic subdivision | Colombia |
| 9 (RLIN) | 14526 |
| 942 ## - ADDED ENTRY ELEMENTS (KOHA) | |
| Source of classification or shelving scheme | Dewey Decimal Classification |
| Koha item type | Books |
| Withdrawn status | Lost status | Source of classification or shelving scheme | Damaged status | Not for loan | Home library | Current library | Shelving location | Date acquired | Source of acquisition | Total Checkouts | Full call number | Barcode | Date last seen | Copy number | Price effective from | Koha item type |
|---|---|---|---|---|---|---|---|---|---|---|---|---|---|---|---|---|
| Dewey Decimal Classification | Biblioteca Pública José María del Castillo y Rada | Biblioteca Pública José María del Castillo y Rada | General Stacks | Donación | 342.0684 / M516m | 201810719 | 05/16/2024 | v.1 / Ej.1 | Books | |||||||
| Dewey Decimal Classification | Biblioteca Pública José María del Castillo y Rada | Biblioteca Pública José María del Castillo y Rada | General Stacks | Donación | 342.0684 / M516m | 201810718 | 05/16/2024 | v.2 / Ej.1 | Books |